| 000 | 00515nam a2200169 a 4500 | ||
|---|---|---|---|
| 001 | 000032291 | ||
| 005 | 20200930063607.0 | ||
| 008 | 110714s2012 dr 000 0 spa d | ||
| 020 | _a9789945456004 | ||
| 040 |
_aDO-SdBNP _bspa _cBNPHU |
||
| 082 |
_axxxx _bxxxx |
||
| 100 | 1 |
_aCastellanos, Socorro _957129 |
|
| 245 | 1 | 3 |
_aEl sabor de mi tierra / _cSocorro, Castellanos. |
| 260 |
_aSanto Domingo : _bAguilar, _c2012. |
||
| 300 |
_a153 p. : _bil. ; _c29 cm. |
||
| 500 | _aIncluye datos biográficos del autor en la solapa | ||
| 999 |
_c31782 _d31782 |
||